000 00269nam a2200109Ia 4500
008 230524s9999 xx 000 0 und d
100 _aR.K Narayan
_936633
245 0 _aMy Days
500 _aQuantity Number: 1
650 _aPersonality Development
_936634
942 _cBK
999 _c50675
_d50675